00628 2200241 4500001002100000005001500021035002000036007000300056008004100059020002200100082000800122084001400130100002500144245007000169250000900239260003000248300003000278650002100308700001700329504001600346990001200362990001200374INLIS00000000001745020241016100643 a0010-1024000178ta241016 g 0 ind  a978-979-29-1428-3 a302 a302 PRO p0 aPROF,Dr bimo walgito1 apsikologi kelompok /cprof. Dr. Bimo Walgito;editor,;oktaviani HS aed.3 ayogyakarta :bANDI OFFSET a166 hlm. :bilus ;c21 cm 4aPSIKOLOGI SOSIAL0 aOKTAVIANI,Hs abibliografi a11872 a a11872 b